Statistics for Top Ten Scorers in NBA

Click here to take the quiz!

General Stats

  • This quiz has been taken 60 times
  • The average score is 7 of 10

Answer Stats

PPGAnswer% Correct
27.2Lebron James
98%
27.4Kevin Durant
94%
22.3Stephen Curry
92%
20.9James Harden
78%
21.5Russell Westbrook
78%
25.0Kobe Bryant
65%
24.9Carmelo Anthony
61%
23.7Dwyane Wade
57%
22.1Dirk Nowitzki
39%
21.6Blake Griffin
31%

Score Distribution

Percentile by Number Answered

Percent of People with Each Score

Your Score History

You have not taken this quiz